Представление документа в формате MARC21

Поле Инд. ПП Название Значение
Тип записи a
Библиографический уровень m
001 Контрольный номер d70057cf-9989-467d-bb77-e53f13e7ba03
005 Дата корректировки 20140703124715.7
008 Кодируемые данные 040412
020 a ISBN 5-9507-0030-9
c Цена, тираж 27.52
040 a Служба первич. каталог. НБ ТвГУ
041 a Код языка текста rus
080 a Индекс УДК 808.2(075.2)
084 a Индекс другой классификации/Индекс ББК Ш141.12-920
090 x Авторский знак Н59
a Полочн. индекс Ш141.12
100 1_ a Автор Нечаева Наталия Васильевна
245 10 a Заглавие Я читаю!
n Номер части/ раздела Ч. 3
b Продолж. заглавия Пособие для учащихся первого класса : В 3 ч.
c Ответственность Н. В. Нечаева, К. С. Белорусец
250 a Основные сведения об издании 2-е изд.
b Дополнительные сведения об издании испр.
260 0_ a Место издания Самара
b Издательство Федоров
c Дата издания 2003
b Издательство Учебная литература
300 a Объем 49 с., включ. обл.
b Иллюстрации/ тип воспроизводства цв. ил.
583 a Действие Получение впервые 148 09.04.2004
k Исполнитель действия ГУП "Тверская оптовая книжная база"
650 a Основная рубрика Русский язык
x Основная подрубрика Учебники для начальной школы
x Основная подрубрика Буквари
653 a Ключевые слова Русский язык
a Ключевые слова Буквари
700 1_ a Другие авторы Белорусец К. С.
e Роль лиц авт.
852 t Порядковый номер экземпляра 10
p Инвентарный номер 781189
p Инвентарный номер 781190
p Инвентарный номер 781191
p Инвентарный номер 781192
p Инвентарный номер 781193
p Инвентарный номер 781194
p Инвентарный номер 781195
p Инвентарный номер 781196
p Инвентарный номер 781197
p Инвентарный номер 781198
888 a За счет средств университета
930 a Новая/Ретро учебники
a Новая/Ретро буквари
952 p 148.2004 27.52 1 781189
p 148.2004 27.52 1 781190
p 148.2004 27.52 1 781191
p 148.2004 27.52 1 781192
p 148.2004 27.52 1 781193
p 148.2004 27.52 1 781194
p 148.2004 27.52 1 781195
p 148.2004 27.52 1 781196
p 148.2004 27.52 1 781197
p 148.2004 27.52 1 781198
c Вид литературы К ру
954 a Дата поступления на обработку 20040414
999 a Подразделение 2 Фил2